[Event "Quebec-ch Intercoll"]
[Site "Rimouski"]
[Date "1996.04.06"]
[Round "3"]
[White "Nesteruk, Derek"]
[Black "Charest, Johanne"]
[Result "0-1"]
[WhiteElo "1607"]
[BlackElo "1889"]
[PlyCount "76"]
[EventDate "1996.04.05"]
[EventType "swiss"]
[EventRounds "6"]
[EventCountry "CAN"]
[SourceTitle "EXT 2022"]
[Source "ChessBase"]
[SourceDate "2021.10.06"]
[SourceVersion "1"]
[SourceVersionDate "2021.10.06"]
[SourceQuality "1"]

1. e4 e5 2. Nf3 Nc6 3. Bb5 Bc5 4. 0-0 Nd4 5. Nxd4 Bxd4 6. c3 Bb6 7. d4 c6 8. Bc4 d6 9. Be3 Nf6 10. dxe5 dxe5 11. Qxd8+ Bxd8 12. Nd2 Ke7 13. Bc5+ Ke8 14. Rfe1 b5 15. Bb3 Bb6 16. Bxb6 axb6 17. Nf3 Nd7 18. Ng5 Nc5 19. Bxf7+ Ke7 20. b4 Ne6 21. Bxe6 Bxe6 22. Nxe6 Kxe6 23. Red1 Rhd8 24. Rxd8 Rxd8 25. a3 Rd2 26. Kf1 Rc2 27. Ke1 h6 28. a4 bxa4 29. Rxa4 Rxc3 30. Kd2 Rc4 31. Kd3 Rd4+ 32. Kc3 g6 33. f4 c5 34. g3 Rxb4 35. Rxb4 cxb4+ 36. Kd3 exf4 37. gxf4 g5 38. f5+ Ke5 0-1

[Event "Quebec-ch Intercoll"]
[Site "Joliette"]
[Date "1995.04.16"]
[Round "6"]
[White "Nesteruk, Derek"]
[Black "Charest, Johanne"]
[Result "0-1"]
[WhiteElo "1792"]
[BlackElo "1785"]
[PlyCount "46"]
[EventDate "1995.04.14"]
[EventType "swiss"]
[EventRounds "6"]
[EventCountry "CAN"]
[SourceTitle "EXT 2022"]
[Source "ChessBase"]
[SourceDate "2021.10.06"]
[SourceVersion "1"]
[SourceVersionDate "2021.10.06"]
[SourceQuality "1"]

1. e4 e5 2. Nf3 Nc6 3. Bc4 Bc5 4. d3 Nf6 5. Nc3 d6 6. 0-0 Bg4 7. Be3 Bb6 8. Nd5 Nxd5 9. Bxd5 0-0 10. Bxc6 bxc6 11. h3 Be6 12. Nd2 d5 13. Qf3 d4 14. Bh6 gxh6 15. Qe2 Kh8 16. f4 exf4 17. Rxf4 Qg5 18. Rf3 Rg8 19. Nf1 Qh5 20. Kh2 Bc5 21. Ng3 Bd6 22. Qf2 Qe5 23. Kg1 Rxg3 0-1